Informació i documentació per a la contractació d'un lloguer d'habitatge /
ISBN:
84-7794-401-6
Descripción Física:
16 p. ; 21 cm
Colección:
Consum (Barcelona (Catalunya : Província). Diputació)
; 8
Idioma:
Catalán
MARC
| LEADER | 00000nam a2200000Ia 4500 | ||
|---|---|---|---|
| 001 | 12570 | ||
| 003 | Arxiu | ||
| 005 | 20260324175418.0 | ||
| 008 | 160829s1995 spc xx s cat c | ||
| 020 | |a 84-7794-401-6 | ||
| 040 | |a AGDB | ||
| 041 | |a cat | ||
| 080 | |a FU-14-9 | ||
| 245 | |a Informació i documentació per a la contractació d'un lloguer d'habitatge / |c text: Unió de Consumidors de Catalunya | ||
| 260 | |a Barcelona : |b Diputació de Barcelona. Servei de Salut Pública i Consum, |c 1995 | ||
| 300 | |a 16 p. ; |c 21 cm | ||
| 490 | 1 | |a Consum ; |v 8 | |
| 650 | |a Arrendament |9 46254 | ||
| 650 | 0 | |a Educació del consumidor |9 26804 | |
| 710 | |a Barcelona (Catalunya : Província). |b Servei de Salut Pública i Consum |9 8151 |e entitat editora | ||
| 710 | 2 | |a Unió de Consumidors de Catalunya |9 56021 |e entitat autora | |
| 830 | 0 | |9 56020 |a Consum (Barcelona (Catalunya : Província). Diputació) |v 8 | |
| 901 | |a Arxiu | ||
| 942 | |n 1 |2 udc |c ARXIU | ||
| 952 | |0 0 |1 0 |4 0 |6 FU149 |7 1 |9 45999 |a Arxiu |b Arxiu |d 2016-12-01 |l 0 |o FU-14-9 |p 12570 |r 2016-12-01 00:00:00 |w 2016-12-01 |y ARXIU | ||
| 999 | |c 49500 |d 49500 | ||